00345pam a2200121 a 4500020001700000041000500017082001300022100002100035245006200056260006600118300000800184653003100192 a0828004684c h a613bJON aJones, Lucile H. aEight Sure Steps to Health & HappinesshTextual Documents aWashington:bReview and Herald Publishing Accociation,c1988. a75. aGeneral & Personal Hygiene